000 00580nam a2200193Ia 4500
008 140321s9999 xx 000 0 und d
020 _a9789814392150
050 _aHD69.P75
_b.C591 2012
100 _aClements, James P.
245 _aEffective project management /
_cJames P. Clements and Jack Gido.
250 _a5th ed.
260 _aPhilippines :
_bCengage Learning,
_cc2012.
300 _a502 p. :
_bill. ;
_c23 cm.
500 _aIncludes bibliographical references and index.
521 _aBSBA
650 _aProject management.
942 _kLOC
_cBK
999 _c48425
_d48425